MARC details
| 000 -LEADER |
| fixed length control field |
02507cam a2200421 i 4500 |
| 001 - CONTROL NUMBER |
| control field |
20084273 |
| 003 - CONTROL NUMBER IDENTIFIER |
| control field |
GZU |
| 005 - DATE AND TIME OF LATEST TRANSACTION |
| control field |
20210526155711.0 |
| 008 - FIXED-LENGTH DATA ELEMENTS--GENERAL INFORMATION |
| fixed length control field |
171019s2018 enk b 001 0 eng |
| 010 ## - LIBRARY OF CONGRESS CONTROL NUMBER |
| LC control number |
2017050496 |
| 020 ## - INTERNATIONAL STANDARD BOOK NUMBER |
| International Standard Book Number |
9781509908714 (hardback) |
| 020 ## - INTERNATIONAL STANDARD BOOK NUMBER |
| Canceled/invalid ISBN |
9781509908738 (ePDF) |
| 020 ## - INTERNATIONAL STANDARD BOOK NUMBER |
| Canceled/invalid ISBN |
9781509908721 (ePub) |
| 040 ## - CATALOGING SOURCE |
| Original cataloging agency |
DLC |
| Language of cataloging |
eng |
| Transcribing agency |
DLC |
| Description conventions |
rda |
| Modifying agency |
DLC |
| 042 ## - AUTHENTICATION CODE |
| Authentication code |
pcc |
| 043 ## - GEOGRAPHIC AREA CODE |
| Geographic area code |
e-uk--- |
| 050 00 - LIBRARY OF CONGRESS CALL NUMBER |
| Classification number |
KD4210 |
| Item number |
.P3645 2018 |
| 082 00 - DEWEY DECIMAL CLASSIFICATION NUMBER |
| Classification number |
342.41/052 |
| Edition number |
23 |
| 245 00 - TITLE STATEMENT |
| Title |
Parliament and the law / |
| Statement of responsibility, etc. |
edited by Alexander Horne and Gavin Drewry |
| 250 ## - EDITION STATEMENT |
| Edition statement |
Second edition. |
| 264 #1 - PRODUCTION, PUBLICATION, DISTRIBUTION, MANUFACTURE, AND COPYRIGHT NOTICE |
| Place of production, publication, distribution, manufacture |
Oxford ; |
| -- |
Portland, Oregon : |
| Name of producer, publisher, distributor, manufacturer |
Hart Publishing, |
| Date of production, publication, distribution, manufacture, or copyright notice |
2018. |
| 300 ## - PHYSICAL DESCRIPTION |
| Extent |
xvi, 389 pages ; |
| Dimensions |
24 cm. |
| 336 ## - CONTENT TYPE |
| Content type term |
text |
| Content type code |
txt |
| Source |
rdacontent |
| 337 ## - MEDIA TYPE |
| Media type term |
unmediated |
| Media type code |
n |
| Source |
rdamedia |
| 338 ## - CARRIER TYPE |
| Carrier type term |
volume |
| Carrier type code |
nc |
| Source |
rdacarrier |
| 490 0# - SERIES STATEMENT |
| Series statement |
Hart studies in constitutional law ; |
| Volume/sequential designation |
volume 8 |
| 504 ## - BIBLIOGRAPHY, ETC. NOTE |
| Bibliography, etc. note |
Includes bibliographical references and index. |
| 505 0# - FORMATTED CONTENTS NOTE |
| Formatted contents note |
Privilege, exclusive cognisance and the law / Paul Evans -- The law and the conduct of members of Parliament / Richard Kelly, Matthew Hamlyn and Oonagh Gay -- The governance of Parliament / Ben Yong -- Select committees : powers and functions / Christopher Johnson -- Relations between the two Houses / Lord Norton and Lucinda Maer -- Public legal information and law-making in Parliament / Jack Simson Caird -- Devolution and the UK Parliament / Sir Paul Silk -- 'English votes for English laws' / Liam Laurence Smyth -- Parliament and human rights / Alexander Horne and Megan Conway -- Parliamentary accountability for the administration of justice / Professor Gavin Drewry -- Parliament and the courts : a pragmatic (or principled) defence of the sovereignty of Parliament / Dawn Oliver -- Financial control and scrutiny / Colin Lee and Phil Larkin -- Parliamentary scrutiny of delegated legislation / Adam Tucker. |
| 610 10 - SUBJECT ADDED ENTRY--CORPORATE NAME |
| Corporate name or jurisdiction name as entry element |
Great Britain. |
| Subordinate unit |
Parliament |
| General subdivision |
Powers and duties. |
| 610 10 - SUBJECT ADDED ENTRY--CORPORATE NAME |
| Corporate name or jurisdiction name as entry element |
Great Britain. |
| Subordinate unit |
Parliament |
| General subdivision |
Privileges and immunities. |
| 650 #0 - SUBJECT ADDED ENTRY--TOPICAL TERM |
| Topical term or geographic name entry element |
Legislative power |
| Geographic subdivision |
Great Britain. |
| 700 1# - ADDED ENTRY--PERSONAL NAME |
| Personal name |
Horne, Alexander, |
| Relator term |
editor. |
| 700 1# - ADDED ENTRY--PERSONAL NAME |
| Personal name |
Drewry, Gavin, |
| Relator term |
editor. |
| 776 08 - ADDITIONAL PHYSICAL FORM ENTRY |
| Relationship information |
Online version: |
| Title |
Parliament and the law |
| Edition |
[Second edition]. |
| Place, publisher, and date of publication |
Oxford ; Portland, Oregon : Hart Publishing, 2018 |
| International Standard Book Number |
9781509908721 |
| Record control number |
(DLC) 2017051675 |
| 906 ## - LOCAL DATA ELEMENT F, LDF (RLIN) |
| a |
7 |
| b |
cbc |
| c |
orignew |
| d |
1 |
| e |
ecip |
| f |
20 |
| g |
y-gencatlg |
| 942 ## - ADDED ENTRY ELEMENTS (KOHA) |
| Source of classification or shelving scheme |
Library of Congress Classification |
| Koha item type |
Books |
| Edition |
2nd |
| Classification part |
4210 |
| Item part |
PAR |
| Call number prefix |
KD |
| Call number suffix |
2018 |